<?xml version="1.0" encoding="utf-8"?>
<?xml-stylesheet type='text/xsl' href='./oai2.xsl'?>
<OAI-PMH xmlns="http://www.openarchives.org/OAI/2.0/" xmlns:xsi="http://www.w3.org/2001/XMLSchema-instance" xsi:schemaLocation="http://www.openarchives.org/OAI/2.0/ http://www.openarchives.org/OAI/2.0/OAI-PMH.xsd">
  <responseDate>2026-04-29T06:27:44Z</responseDate>
  <request verb="GetRecord" metadataPrefix="marcxml" identifier="record_kuniweb_29607">https://kulturerbe.niedersachsen.de/oai</request>
  <GetRecord>
    <record>
      <header>
        <identifier>record_kuniweb_29607</identifier>
        <datestamp>2021-03-24T08:59:20Z</datestamp>
        <setSpec>slg0112</setSpec>
      </header>
      <metadata>
        <marc:record xmlns:marc="http://www.loc.gov/MARC21/slim" xsi:schemaLocation="http://www.loc.gov/MARC21/slim http://www.loc.gov/standards/marcxml/schema/MARC21slim.xsd">
          <marc:leader>12345nrm  22     uu 4500</marc:leader>
          <marc:controlfield tag="001">29607</marc:controlfield>
          <marc:controlfield tag="003">http://kuniweb.gbv.de</marc:controlfield>
          <marc:controlfield tag="005">2014-10-24T11:29:15</marc:controlfield>
          <marc:controlfield tag="008">|           ||||||||||||||||||||||</marc:controlfield>
          <marc:datafield tag="245" ind1="1" ind2="0">
            <marc:subfield code="a">Putte (Engelskopf)</marc:subfield>
          </marc:datafield>
          <marc:datafield tag="655" ind1=" " ind2="7">
            <marc:subfield code="a">Alltagskultur</marc:subfield>
          </marc:datafield>
          <marc:datafield tag="046" ind1=" " ind2=" ">
            <marc:subfield code="k">1600</marc:subfield>
            <marc:subfield code="k">1600 (geschätzt) - 1680 (geschätzt)</marc:subfield>
            <marc:subfield code="l">1680</marc:subfield>
          </marc:datafield>
          <marc:datafield tag="260" ind1=" " ind2=" ">
            <marc:subfield code="g">1600</marc:subfield>
            <marc:subfield code="g">1680</marc:subfield>
            <marc:subfield code="g">1600 (geschätzt) - 1680 (geschätzt)</marc:subfield>
          </marc:datafield>
          <marc:datafield tag="300" ind1=" " ind2=" ">
            <marc:subfield code="a">Gewicht: 971 g
Breite: 17,5 cm
Höhe: 50 cm</marc:subfield>
          </marc:datafield>
          <marc:datafield tag="520" ind1=" " ind2=" ">
            <marc:subfield code="a">Putte, handgeschnitzte Holzfigur, nach rechts schauend, mit Flügel und Früchten. Schwarze lockige Haare, blaue Augen, roter Mund mit herabhängenden Mundwinkeln. Der untere Teil zeigt eine geöffnete braune (?) Frucht mit grünen Beeren, darunter sieht man auch grüne Beeren, auf grünen Blättern. Auf der Rückseite sind 2 Löcher mit Resten  von Holzzapfen zu sehen. Im unteren Bereich der Rückseite erkennt man ein alten Stempel vom Oberharzer Museum Zellerfeld (Nummer 446). An der braunen Frucht ist in weißer Farbe die Nummer des mittelalten Inventars "191" zu sehen. Am Flügel ist ein ca. 12,5 cm langer Riss zu erkennen, unten am Flügel ist das Holz etwas abgesplttert.  Im Bereich des Flügels sind außerdem stellenweise schwarze Farbflecken zu sehen. Das Gesicht zeigt "Verwischungsspuren" im Bereich der Augen. Die Farbe im Gesicht ist an der Nasenspitze abgeplatzt. Auf der Rückseite sind Farbkleckse und Holzabsplitterungen festzustellen.  (Oberharzer Bergwerksmuseum)</marc:subfield>
          </marc:datafield>
          <marc:datafield tag="650" ind1="1" ind2=" ">
            <marc:subfield code="a">Putto</marc:subfield>
          </marc:datafield>
          <marc:datafield tag="650" ind1="1" ind2=" ">
            <marc:subfield code="a">Dreidimensionale Bildwerke</marc:subfield>
          </marc:datafield>
          <marc:datafield tag="773" ind1="0" ind2=" ">
            <marc:subfield code="t">Allgemeine Sammlung</marc:subfield>
          </marc:datafield>
          <marc:datafield tag="852" ind1=" " ind2=" ">
            <marc:subfield code="a">Oberharzer Bergwerksmuseum</marc:subfield>
          </marc:datafield>
          <marc:datafield tag="" ind1=" " ind2=" ">
            <marc:subfield code="a">Namensnennung - Weitergabe unter gleichen Bedingungen 4.0 International (CC BY-SA 4.0)</marc:subfield>
          </marc:datafield>
        </marc:record>
      </metadata>
    </record>
  </GetRecord>
</OAI-PMH>
